rubber growing technique in snuol district (បច្ចេកទេសដាំដុះដោះស៊ូនៅស្រុកស្នួល) (Record no. 4214)

000 -LEADER
fixed length control field 00509nam a22001577a 4500
003 - CONTROL NUMBER IDENTIFIER
control field OSt
005 - DATE AND TIME OF LATEST TRANSACTION
control field 20151208105305.0
008 - FIXED-LENGTH DATA ELEMENTS--GENERAL INFORMATION
fixed length control field 151208b xxu||||| |||| 00| 0 eng d
040 ## - CATALOGING SOURCE
Transcribing agency RUA
082 ## - DEWEY DECIMAL CLASSIFICATION NUMBER
Classification number ATM CHA 2004 B193 Or.1
100 ## - MAIN ENTRY--PERSONAL NAME
9 (RLIN) 4523
Personal name CHAN, SARETH.
245 ## - TITLE STATEMENT
Title rubber growing technique in snuol district (បច្ចេកទេសដាំដុះដោះស៊ូនៅស្រុកស្នួល)
260 ## - PUBLICATION, DISTRIBUTION, ETC. (IMPRINT)
Place of publication, distribution, etc. Phnom Penh
Name of publisher, distributor, etc. RUA
Date of publication, distribution, etc. 2006
300 ## - PHYSICAL DESCRIPTION
Extent vii, 49p.
Other physical details ill.
Dimensions 29cm.
942 ## - ADDED ENTRY ELEMENTS (KOHA)
Source of classification or shelving scheme
Koha item type ATM
Holdings
Price effective from Date last seen Permanent Location Not for loan Date acquired Source of classification or shelving scheme Koha item type Barcode Lost status Damaged status Shelving location Withdrawn status Current Location Full call number
2015-12-082015-12-08Library Block B 2015-12-08 ATMRUA038324  B193 Library Block BATM CHA 2004 B193 Or.1
2015-12-082015-12-08Library Block B 2015-12-08 ATMRUA038504  B193 Library Block BATM CHA 2004 B193 Or.2
2015-12-082015-12-08Library Block B 2015-12-08 ATMRUA039032  B193 Library Block BATM CHA 2004 B193 Or.3
2016-02-042016-02-04Library Block B 2016-02-04 ATMRUA43700  B193 Library Block BATM CHA 2004 B193 Or.4
2016-02-042016-02-04Library Block B 2016-02-04 ATMRUA034449  B193 Library Block BATM CHA 2004 B193 Or.5
2016-02-042016-02-04Library Block B 2016-02-04 ATMRUA032146  B193 Library Block BATM CHA 2004 B193 Or.6
2016-02-042016-02-04Library Block B 2016-02-04 ATMRUA049362  B193 Library Block BATM CHA 2004 B193 Or.7
មជ្ឈមណ្ឌលឯការនៃសាកលវិទ្យាល័យភូមិន្ទកសិកម្មចំការដូង

Powered by Koha